00553 2200193 4500001002100000005001500021035002000036007000300056008004100059020002200100082000800122084001400130100001700144245007800161250003000239260003700269300003300306650002000339INLIS00000000000114120250429025114 a0010-0425000042ta250429 g 0 ind  a978-979-775-299-6 a895 a895 TAU s0 aTaufik Aulia1 aSabar & Syukur Tanpa Tapi /cTaufik Aulia (Penulis); Inoer H (Penyunting) aCetakan Pertama, Mei 2017 aYogyakarta :bTera Insani,c2017 a252 Halaman :bteks ;c19 cm 4aMotivasi Islami